[Event "Senior Women Russian Championship 2022_HL"]
[Site "Saint-Petersburg, Russia"]
[Date "2022.09.28"]
[Round "5.10"]
[White "Grigoryeva, Olga"]
[Black "Kazantseva, Alla"]
[Result "1-0"]
[TimeControl "Standard: 90min/40moves+30min/end+30sec increment per move starting from move 1"]
[WhiteElo "1940"]
[BlackElo "1654"]

1. e4 {[%clk 01:30:58]} e5 {[%clk 01:30:51]} 2. Nf3 {[%clk 01:31:26]} Nc6
{[%clk 01:31:14]} 3. Bb5 {[%clk 01:31:50]} g6 {[%clk 01:31:36]} 4. c3 {[%clk
01:32:12]} Bg7 {[%clk 01:31:41]} 5. d4 {[%clk 01:32:30]} exd4 6. cxd4 {[%clk
01:32:43]} a6 {[%clk 01:31:39]} {[%emt 00:00:02]} 7. Ba4 {[%clk 01:32:36]}
{[%emt 00:00:12]} Nf6 {[%clk 01:29:39]} {[%emt 00:02:29]} 8. e5 {[%clk
01:32:23]} {[%emt 00:00:43]} Nd5 {[%clk 01:29:36]} {[%emt 00:00:33]} 9. Bg5
{[%clk 01:30:59]} {[%emt 00:01:54]} Nce7 {[%clk 01:27:47]} {[%emt 00:02:18]} 10.
Bb3 {[%clk 01:27:19]} {[%emt 00:04:11]} Nb6 {[%clk 01:21:58]} {[%emt 00:06:19]}
11. a4 {[%clk 01:25:14]} {[%emt 00:08:35]} a5 {[%clk 01:22:06]} {[%emt
00:00:22]} 12. Nc3 {[%clk 01:19:53]} {[%emt 00:05:50]} h6 {[%clk 01:22:19]}
{[%emt 00:00:17]} 13. Bf6 {[%clk 01:18:55]} {[%emt 00:01:29]} Bxf6 {[%clk
01:12:44]} {[%emt 00:10:04]} 14. exf6 {[%clk 01:19:23]} {[%emt 00:00:02]} Ng8
{[%clk 01:12:49]} {[%emt 00:00:24]} 15. Qe2+ {[%clk 01:16:15]} {[%emt
00:03:39]} Kf8 {[%clk 01:13:06]} {[%emt 00:00:13]} 16. Ne5 {[%clk 01:15:57]}
{[%emt 00:00:48]} d5 {[%clk 01:13:17]} {[%emt 00:00:19]} 17. O-O {[%clk
01:13:27]} {[%emt 00:03:00]} c6 {[%clk 01:10:55]} {[%emt 00:02:51]} 18. Bc2
{[%clk 01:13:14]} {[%emt 00:00:44]} Qxf6 {[%clk 01:09:57]} {[%emt 00:01:28]} 19.
f4 {[%clk 01:12:25]} {[%emt 00:01:19]} Bf5 {[%clk 01:08:18]} {[%emt 00:02:09]}
20. g4 {[%clk 01:10:42]} {[%emt 00:02:12]} Bxc2 {[%clk 01:08:45]} {[%emt
00:00:03]} 21. Qxc2 {[%clk 01:11:11]} {[%emt 00:00:02]} Ne7 {[%clk 01:04:12]}
{[%emt 00:05:02]} 22. Qb3 {[%clk 01:11:00]} {[%emt 00:00:43]} Ra6 {[%clk
01:03:00]} {[%emt 00:01:41]} 23. Rf2 {[%clk 01:07:47]} {[%emt 00:03:43]} Qd6
{[%clk 01:02:36]} {[%emt 00:00:49]} 24. Nd3 {[%clk 01:05:38]} {[%emt 00:02:44]}
Qc7 {[%clk 01:02:23]} {[%emt 00:00:41]} 25. Nc5 {[%clk 01:05:50]} {[%emt
00:00:21]} Ra8 {[%clk 01:02:02]} {[%emt 00:00:51]} 26. Qxb6 {[%clk 01:06:03]}
{[%emt 00:00:17]} Qc8 {[%clk 00:59:27]} {[%emt 00:03:04]} 27. Qxb7 {[%clk
01:02:50]} {[%emt 00:03:44]} Qxg4+ {[%clk 00:59:36]} {[%emt 00:00:21]} 28. Rg2
{[%clk 01:03:08]} {[%emt 00:00:12]} Qxf4 {[%clk 00:59:22]} {[%emt 00:00:45]} 29.
Qxa8+ {[%clk 01:02:48]} {[%emt 00:00:50]} Kg7 {[%clk 00:59:38]} {[%emt
00:00:12]} 30. Qxa5 {[%clk 01:02:52]} {[%emt 00:00:27]} Qe3+ {[%clk 00:59:46]}
{[%emt 00:00:22]} 31. Kh1 {[%clk 01:02:35]} {[%emt 00:00:46]} Nf5 {[%clk
00:58:16]} {[%emt 00:02:00]} 32. Nd1 {[%clk 01:00:26]} {[%emt 00:02:38]} Qf3
{[%clk 00:56:17]} {[%emt 00:02:29]} 33. Qd2 {[%clk 00:53:54]} {[%emt 00:07:02]}
Re8 {[%clk 00:55:33]} {[%emt 00:01:14]} 34. Qf2 {[%clk 00:52:00]} {[%emt
00:02:25]} Qh5 {[%clk 00:55:41]} {[%emt 00:00:21]} 35. Nc3 {[%clk 00:51:02]}
{[%emt 00:01:30]} Re3 {[%clk 00:52:05]} {[%emt 00:04:06]} 36. Rf1 {[%clk
00:50:20]} {[%emt 00:01:12]} Kh8 {[%clk 00:41:16]} {[%emt 00:11:16]} 37. Nd7
{[%clk 00:35:09]} {[%emt 00:15:44]} Re6 {[%clk 00:37:01]} {[%emt 00:04:41]} 38.
Qf4 {[%clk 00:30:37]} {[%emt 00:05:03]} Qh3 {[%clk 00:34:24]} {[%emt 00:03:07]}
39. Qb8+ {[%emt 00:02:50]} Kh7 {[%clk 00:33:55]} {[%emt 00:00:39]} 40. Nf8+
{[%clk 00:58:48]} {[%emt 00:00:21]} 1-0

[Event "Senior Women Russian Championship 2022_HL"]
[Site "Saint-Petersburg, Russia"]
[Date "2022.09.28"]
[Round "5.11"]
[White "Vasiukova, Ekaterina"]
[Black "Malinicheva, Lidia"]
[Result "1-0"]
[TimeControl "Standard: 90min/40moves+30min/end+30sec increment per move starting from move 1"]
[WhiteElo "1675"]
[BlackElo "1845"]

1. d4 {[%clk 01:30:58]} d5 {[%clk 01:30:31]} 2. Bf4 {[%clk 01:31:19]} c5 {[%clk
01:29:39]} {[%emt 00:00:02]} 3. e3 {[%clk 01:29:27]} {[%emt 00:01:32]} Nf6
{[%clk 01:28:39]} {[%emt 00:01:30]} 4. c3 {[%clk 01:27:01]} {[%emt 00:02:57]}
e6 {[%clk 01:27:35]} {[%emt 00:01:34]} 5. Nd2 {[%clk 01:21:08]} {[%emt
00:06:23]} Nbd7 {[%clk 01:25:33]} {[%emt 00:02:32]} 6. h3 {[%clk 01:20:12]}
{[%emt 00:01:25]} Be7 {[%clk 01:24:32]} {[%emt 00:01:31]} 7. Ngf3 {[%clk
01:20:27]} {[%emt 00:00:16]} O-O {[%clk 01:24:23]} {[%emt 00:00:39]} 8. Be2
{[%clk 01:20:35]} {[%emt 00:00:22]} Qb6 {[%clk 01:20:29]} {[%emt 00:10:23]} 9.
Qc2 {[%clk 01:19:21]} {[%emt 00:01:43]} Re8 {[%clk 01:14:51]} {[%emt 00:06:08]}
10. O-O {[%clk 01:19:20]} {[%emt 00:00:31]} Nf8 {[%clk 01:13:07]} {[%emt
00:02:14]} 11. Ne5 {[%clk 01:16:46]} {[%emt 00:03:04]} N6d7 {[%clk 01:11:15]}
{[%emt 00:02:21]} 12. Ndf3 {[%clk 01:12:41]} {[%emt 00:04:36]} f6 {[%clk
01:04:42]} {[%emt 00:07:04]} 13. Nxd7 {[%clk 01:11:28]} {[%emt 00:01:43]} Bxd7
{[%clk 01:04:52]} {[%emt 00:00:20]} 14. Rfe1 {[%clk 01:07:33]} {[%emt
00:04:25]} Rac8 {[%clk 01:03:25]} {[%emt 00:01:56]} 15. Rac1 {[%clk 01:04:48]}
{[%emt 00:03:14]} Bd8 {[%clk 00:58:09]} {[%emt 00:05:46]} 16. Red1 {[%clk
00:51:10]} {[%emt 00:14:09]} cxd4 {[%clk 00:53:17]} {[%emt 00:05:23]} 17. exd4
{[%clk 00:50:38]} {[%emt 00:01:03]} Bb5 {[%clk 00:50:37]} {[%emt 00:03:09]} 18.
Bxb5 {[%clk 00:47:33]} {[%emt 00:03:36]} Qxb5 {[%clk 00:48:10]} {[%emt
00:02:56]} 19. Bd6 {[%clk 00:44:25]} {[%emt 00:03:38]} Ng6 {[%clk 00:43:48]}
{[%emt 00:04:52]} 20. Re1 {[%clk 00:41:50]} {[%emt 00:03:04]} Rc6 {[%clk
00:40:08]} {[%emt 00:04:10]} 21. Bg3 {[%clk 00:34:03]} {[%emt 00:08:18]} Qa6
{[%clk 00:29:09]} {[%emt 00:11:29]} 22. Bh2 {[%clk 00:25:01]} {[%emt 00:09:32]}
b5 {[%emt 00:01:26]} 23. a3 {[%clk 00:24:02]} {[%emt 00:01:29]} Qb7 {[%clk
00:27:23]} {[%emt 00:01:20]} 24. Re3 {[%clk 00:21:06]} {[%emt 00:03:26]} a5
{[%clk 00:24:25]} {[%emt 00:03:28]} 25. Qb3 {[%clk 00:21:04]} {[%emt 00:00:31]}
Ne7 {[%clk 00:21:59]} {[%emt 00:02:54]} 26. Rce1 {[%clk 00:20:13]} {[%emt
00:01:23]} Nf5 {[%clk 00:21:31]} {[%emt 00:00:59]} 27. R3e2 {[%clk 00:20:29]}
{[%emt 00:00:12]} a4 {[%clk 00:20:30]} {[%emt 00:01:33]} 28. Qc2 {[%clk
00:19:53]} {[%emt 00:01:06]} Qd7 {[%clk 00:18:10]} {[%emt 00:02:49]} 29. g4
{[%clk 00:19:57]} {[%emt 00:00:27]} Nd6 {[%clk 00:18:24]} {[%emt 00:00:16]} 30.
Bxd6 {[%clk 00:19:05]} {[%emt 00:01:22]} Qxd6 {[%clk 00:18:13]} {[%emt
00:00:40]} 31. Qd3 {[%clk 00:18:37]} {[%emt 00:00:59]} Rb6 {[%clk 00:17:04]}
{[%emt 00:01:39]} 32. Qe3 {[%clk 00:18:16]} {[%emt 00:00:50]} Bc7 {[%clk
00:16:08]} {[%emt 00:01:28]} 33. g5 {[%clk 00:16:56]} {[%emt 00:01:48]} Qf8
{[%clk 00:11:54]} {[%emt 00:04:44]} 34. Kg2 {[%clk 00:14:49]} {[%emt 00:02:37]}
Qf7 {[%clk 00:11:25]} {[%emt 00:00:59]} 35. Rg1 {[%clk 00:11:10]} {[%emt
00:04:09]} e5 {[%clk 00:11:24]} {[%emt 00:00:32]} 36. gxf6 {[%clk 00:10:59]}
{[%emt 00:00:41]} e4 {[%clk 00:11:16]} {[%emt 00:00:38]} 37. Ne5 {[%clk
00:08:11]} {[%emt 00:03:17]} Qh5 {[%clk 00:05:48]} {[%emt 54:05:58]} 38. f7+
{[%clk 00:07:29]} {[%emt 00:01:13]} Kh8 {[%clk 00:05:23]} {[%emt 00:00:54]} 39.
fxe8=Q+ {[%clk 00:07:36]} {[%emt 00:00:23]} Qxe8 {[%clk 00:05:51]} {[%emt
00:00:02]} 40. f4 {[%clk 00:35:27]} {[%emt 00:02:39]} Rh6 {[%clk 00:34:18]}
{[%emt 00:02:03]} 41. Kf1 {[%clk 00:32:25]} {[%emt 00:03:32]} Qe6 {[%clk
00:34:08]} {[%emt 00:00:39]} 42. Rh2 {[%clk 00:31:44]} {[%emt 00:01:11]} Rf6
{[%clk 00:33:18]} {[%emt 00:01:20]} 43. Qg3 {[%clk 00:29:17]} {[%emt 00:02:57]}
g6 {[%clk 00:33:07]} {[%emt 00:00:42]} 44. h4 {[%clk 00:29:23]} {[%emt
00:00:24]} Bxe5 {[%clk 00:33:23]} {[%emt 00:00:14]} 45. dxe5 {[%clk 00:29:16]}
{[%emt 00:00:37]} Qxe5 {[%clk 00:33:46]} {[%emt 00:00:07]} 46. Ke2 {[%clk
00:26:07]} {[%emt 00:03:38]} Qc7 {[%clk 00:33:14]} {[%emt 00:01:02]} 47. Rf2
{[%clk 00:24:02]} {[%emt 00:02:34]} Qc4+ {[%clk 00:33:32]} {[%emt 00:00:14]} 48.
Ke1 {[%clk 00:20:37]} d4 {[%clk 00:33:14]} {[%emt 00:00:49]} 49. Rd2 {[%clk
00:18:30]} {[%emt 00:02:36]} d3 {[%clk 00:32:17]} {[%emt 00:01:28]} 50. Qe3
{[%clk 00:18:18]} {[%emt 00:00:41]} Kg7 {[%clk 00:28:10]} {[%emt 00:04:39]} 51.
Rg5 {[%clk 00:16:12]} {[%emt 00:02:35]} Rf5 {[%clk 00:27:01]} {[%emt 00:01:40]}
52. Rg1 {[%clk 00:13:22]} {[%emt 00:03:17]} Rf6 {[%clk 00:26:08]} {[%emt
00:01:25]} 53. Kf2 {[%clk 00:13:42]} {[%emt 00:00:10]} Qf7 {[%clk 00:26:09]}
{[%emt 00:00:29]} 54. Kg3 {[%clk 00:13:56]} {[%emt 00:00:16]} Re6 {[%clk
00:26:15]} {[%emt 00:00:23]} 55. Re1 {[%clk 00:13:43]} {[%emt 00:00:42]} Kf6
{[%clk 00:25:38]} {[%emt 00:01:09]} 56. Qd4+ {[%clk 00:13:50]} {[%emt
00:00:23]} Kf5 {[%clk 00:25:49]} {[%emt 00:00:20]} 57. Qd5+ {[%clk 00:13:52]}
{[%emt 00:00:25]} Kf6 {[%clk 00:25:58]} {[%emt 00:00:23]} 58. Rxe4 {[%clk
00:14:02]} {[%emt 00:00:19]} Rxe4 {[%clk 00:26:09]} {[%emt 00:00:20]} 59. Qxe4
{[%clk 00:14:22]} {[%emt 00:00:10]} Qa7 {[%clk 00:26:35]} {[%emt 00:00:04]} 60.
Qd4+ {[%clk 00:14:08]} {[%emt 00:00:44]} Qxd4 {[%emt 00:00:02]} 1-0

[Event "Senior Women Russian Championship 2022_HL"]
[Site "Saint-Petersburg, Russia"]
[Date "2022.09.29"]
[Round "6.2"]
[White "Mikhaylova, Irina"]
[Black "Fatalibekova, Elena"]
[Result "1-0"]
[TimeControl "Standard: 90min/40moves+30min/end+30sec increment per move starting from move 1"]
[WhiteElo "2266"]
[BlackElo "2140"]

1. Nf3 {[%clk 01:30:57]} {[%emt 00:00:03]} Nf6 {[%clk 01:30:58]} {[%emt
00:00:02]} 2. c4 {[%clk 01:31:25]} {[%emt 00:00:02]} e6 {[%clk 01:31:26]}
{[%emt 00:00:02]} 3. d4 {[%clk 01:31:53]} {[%emt 00:00:02]} d5 {[%clk
01:31:55]} {[%emt 00:00:01]} 4. Bg5 {[%clk 01:32:21]} {[%emt 00:00:03]} h6
{[%clk 01:32:23]} {[%emt 00:00:02]} 5. Bh4 {[%clk 01:32:48]} {[%emt 00:00:03]}
c5 {[%clk 01:32:51]} {[%emt 00:00:02]} 6. cxd5 {[%clk 01:33:16]} {[%emt
00:00:02]} exd5 {[%clk 01:33:19]} {[%emt 00:00:02]} 7. Nc3 {[%clk 01:33:44]}
{[%emt 00:00:02]} cxd4 {[%clk 01:33:46]} {[%emt 00:00:02]} 8. Nxd4 {[%clk
01:34:12]} {[%emt 00:00:03]} Be7 {[%clk 01:34:14]} {[%emt 00:00:02]} 9. e3
{[%clk 01:34:40]} {[%emt 00:00:02]} Nc6 {[%clk 01:34:43]} 10. Bb5 {[%clk
01:35:05]} {[%emt 00:00:05]} Bd7 {[%clk 01:35:11]} {[%emt 00:00:01]} 11. O-O
{[%clk 01:35:33]} {[%emt 00:00:02]} O-O {[%clk 01:35:39]} {[%emt 00:00:02]} 12.
Bxf6 {[%clk 01:36:00]} {[%emt 00:00:03]} Bxf6 {[%clk 01:36:07]} {[%emt
00:00:02]} 13. Nxd5 {[%clk 01:36:21]} {[%emt 00:00:09]} Bxd4 {[%clk 01:36:35]}
{[%emt 00:00:02]} 14. exd4 {[%clk 01:36:49]} {[%emt 00:00:02]} Qg5 {[%clk
01:37:03]} {[%emt 00:00:02]} 15. Nc3 {[%clk 01:37:18]} {[%emt 00:00:01]} Rad8
{[%clk 01:37:27]} {[%emt 00:00:07]} 16. d5 {[%clk 01:37:47]} {[%emt 00:00:01]}
Bh3 {[%clk 01:37:55]} 17. Qf3 {[%clk 01:38:15]} {[%emt 00:00:02]} Bg4 {[%clk
01:38:21]} {[%emt 00:00:04]} 18. Qg3 {[%clk 01:38:44]} {[%emt 00:00:01]} Nb4
{[%clk 01:38:32]} {[%emt 00:00:19]} 19. Bc4 {[%clk 01:39:13]} Qh5 {[%clk
01:38:59]} {[%emt 00:00:03]} 20. a3 {[%clk 01:39:42]} {[%emt 00:00:02]} Na6
{[%clk 01:39:25]} {[%emt 00:00:03]} 21. Bxa6 {[%clk 01:40:09]} {[%emt
00:00:03]} bxa6 {[%clk 01:39:54]} {[%emt 00:00:01]} 22. h3 {[%clk 01:40:37]}
{[%emt 00:00:02]} Be2 {[%clk 01:40:21]} {[%emt 00:00:03]} 23. Rfe1 {[%clk
01:41:04]} {[%emt 00:00:03]} Bc4 {[%clk 01:40:43]} {[%emt 00:00:07]} 24. Qc7
{[%clk 01:41:33]} {[%emt 00:00:02]} Bxd5 {[%clk 01:40:58]} {[%emt 00:00:15]} 25.
Re5 {[%clk 01:42:02]} {[%emt 00:00:01]} 1-0

[Event "Senior Women Russian Championship 2022_HL"]
[Site "Saint-Petersburg, Russia"]
[Date "2022.09.29"]
[Round "6.11"]
[White "Kazantseva, Alla"]
[Black "Malinicheva, Lidia"]
[Result "1/2-1/2"]
[TimeControl "Standard: 90min/40moves+30min/end+30sec increment per move starting from move 1"]
[WhiteElo "1654"]
[BlackElo "1845"]

1. e4 {[%clk 01:30:47]} {[%emt 00:00:13]} e6 2. g3 {[%emt 00:00:04]} d5 {[%clk
01:30:57]} 3. Bg2 {[%clk 01:32:09]} {[%emt 00:00:06]} dxe4 4. Bxe4 {[%clk
01:32:09]} {[%emt 00:00:03]} Bc5 {[%clk 01:32:22]} 5. d3 {[%clk 01:32:38]}
{[%emt 00:00:05]} c6 {[%clk 01:32:50]} 6. Ne2 {[%clk 01:32:38]} Nf6 {[%clk
01:32:50]} 7. Bg2 {[%clk 01:32:38]} e5 {[%clk 01:33:35]} {[%emt 00:00:07]} 8.
h3 {[%clk 01:34:04]} {[%emt 00:00:14]} Be6 {[%clk 01:34:03]} {[%emt 00:00:02]}
9. Nbc3 {[%clk 01:33:27]} {[%emt 00:01:07]} Qc8 {[%clk 01:34:32]} {[%emt
00:00:02]} 10. Bg5 {[%clk 01:33:55]} {[%emt 00:00:01]} Nbd7 {[%clk 01:34:59]}
{[%emt 00:00:03]} 11. Qd2 {[%clk 01:34:07]} {[%emt 00:00:18]} O-O {[%clk
01:35:27]} {[%emt 00:00:02]} 12. Be3 {[%clk 01:34:33]} {[%emt 00:00:04]} Bb4
{[%clk 01:35:56]} {[%emt 00:00:02]} 13. a3 {[%clk 01:35:01]} {[%emt 00:00:02]}
Be7 {[%clk 01:36:24]} {[%emt 00:00:01]} 14. O-O {[%clk 01:35:29]} {[%emt
00:00:02]} Nd5 {[%clk 01:36:52]} {[%emt 00:00:02]} 15. Nxd5 {[%clk 01:35:57]}
{[%emt 00:00:02]} cxd5 {[%clk 01:37:20]} {[%emt 00:00:02]} 16. f4 {[%clk
01:36:23]} {[%emt 00:00:05]} exf4 {[%clk 01:37:48]} {[%emt 00:00:02]} 17. Nxf4
{[%clk 01:36:50]} {[%emt 00:00:02]} Nf6 {[%clk 01:38:13]} {[%emt 00:00:03]} 18.
Kh2 {[%clk 01:37:16]} {[%emt 00:00:05]} Bc5 {[%clk 01:38:42]} {[%emt 00:00:02]}
19. c3 {[%clk 01:37:45]} {[%emt 00:00:02]} Rd8 {[%clk 01:39:10]} {[%emt
00:00:01]} 20. Rac1 {[%clk 01:38:12]} {[%emt 00:00:03]} Qc7 {[%clk 01:39:38]}
{[%emt 00:00:02]} 21. Bxc5 {[%clk 01:38:40]} {[%emt 00:00:02]} Qxc5 {[%clk
01:40:05]} {[%emt 00:00:03]} 22. Nxe6 {[%clk 01:39:08]} {[%emt 00:00:02]} fxe6
{[%clk 01:40:33]} {[%emt 00:00:02]} 23. Qg5 {[%clk 01:37:50]} {[%emt 00:01:48]}
Qe7 {[%clk 01:41:01]} {[%emt 00:00:02]} 24. Rce1 {[%clk 01:38:18]} {[%emt
00:00:01]} h5 {[%clk 01:41:29]} {[%emt 00:00:02]} 25. Qe5 {[%clk 01:38:47]}
{[%emt 00:00:02]} Rd6 {[%clk 01:41:57]} {[%emt 00:00:02]} 26. Rf2 {[%clk
01:39:15]} {[%emt 00:00:02]} Rb6 {[%clk 01:42:25]} {[%emt 00:00:02]} 27. Qd4
{[%clk 01:39:43]} {[%emt 00:00:02]} Rd8 {[%clk 01:42:51]} {[%emt 00:00:04]} 28.
Rfe2 {[%clk 01:40:10]} {[%emt 00:00:03]} Qf7 {[%clk 01:43:20]} 29. Rf1 {[%clk
01:40:38]} {[%emt 00:00:02]} Qg6 {[%clk 01:43:49]} {[%emt 00:00:02]} 30. a4
{[%clk 01:41:06]} {[%emt 00:00:01]} e5 {[%clk 01:44:15]} {[%emt 00:00:02]} 31.
Qe3 {[%clk 01:41:33]} {[%emt 00:00:05]} d4 {[%clk 01:44:43]} {[%emt 00:00:02]}
32. cxd4 {[%clk 01:42:01]} {[%emt 00:00:01]} Rxd4 {[%clk 01:45:09]} {[%emt
00:00:04]} 33. Qxe5 {[%clk 01:42:28]} {[%emt 00:00:04]} Rxd3 {[%clk 01:45:35]}
{[%emt 00:00:03]} 34. Qb8+ {[%clk 01:42:55]} {[%emt 00:00:03]} Kf7 {[%clk
01:46:03]} {[%emt 00:00:02]} 35. Qc7+ {[%clk 01:43:24]} {[%emt 00:00:02]} Kg8
{[%clk 01:46:32]} {[%emt 00:00:01]} 36. Qc8+ {[%clk 01:43:52]} {[%emt
00:00:02]} Kh7 {[%clk 01:47:01]} {[%emt 00:00:01]} 37. Rxf6 {[%clk 01:44:17]}
{[%emt 00:00:06]} Qxg3+ {[%clk 01:47:28]} {[%emt 00:00:02]} 38. Kh1 {[%clk
01:44:45]} {[%emt 00:00:02]} Rd1+ {[%clk 01:47:54]} {[%emt 00:00:02]} 39. Rf1
{[%clk 01:45:13]} {[%emt 00:00:04]} Rxf1+ {[%clk 01:48:23]} {[%emt 00:00:02]}
40. Bxf1 {[%clk 02:15:41]} {[%emt 00:00:01]} Qf3+ {[%clk 02:18:51]} {[%emt
00:00:03]} 41. Rg2 {[%clk 02:16:09]} {[%emt 00:00:01]} Qxf1+ {[%clk 02:19:19]}
{[%emt 00:00:02]} 42. Kh2 {[%clk 02:16:36]} {[%emt 00:00:02]} Qf4+ {[%clk
02:19:47]} {[%emt 00:00:02]} 43. Kh1 {[%clk 02:16:51]} {[%emt 00:00:15]} Rc6
{[%clk 02:19:41]} {[%emt 00:00:36]} 44. Qxb7 {[%clk 02:17:20]} {[%emt
00:00:02]} Rc7 {[%clk 02:20:08]} {[%emt 00:00:04]} 45. Qd5 {[%clk 02:17:49]}
{[%emt 00:00:01]} Rc1+ {[%clk 02:20:35]} {[%emt 00:00:02]} 46. Rg1 {[%clk
02:18:17]} {[%emt 00:00:01]} Rxg1+ {[%clk 02:21:04]} {[%emt 00:00:02]} 47. Kxg1
{[%clk 02:18:45]} {[%emt 00:00:02]} Qc1+ {[%clk 02:21:26]} {[%emt 00:00:08]} 48.
Kh2 {[%clk 02:19:14]} {[%emt 00:00:01]} Qxb2+ {[%clk 02:21:55]} {[%emt
00:00:01]} 49. Kg1 {[%clk 02:19:41]} {[%emt 00:00:03]} Qe2 {[%clk 02:22:20]}
{[%emt 00:00:05]} 50. Qf5+ {[%clk 02:20:10]} {[%emt 00:00:01]} Kh6 {[%clk
02:22:48]} {[%emt 00:00:02]} 51. Qf4+ {[%clk 02:20:38]} {[%emt 00:00:02]} Kg6
{[%clk 02:23:17]} {[%emt 00:00:01]} 52. Qd6+ {[%clk 02:21:04]} {[%emt
00:00:04]} Kf7 {[%clk 02:23:46]} {[%emt 00:00:02]} 53. Qd7+ {[%clk 02:21:32]}
{[%emt 00:00:02]} Qe7 {[%clk 02:24:14]} 54. Qf5+ {[%clk 02:22:00]} {[%emt
00:00:02]} Qf6 {[%clk 02:24:43]} {[%emt 00:00:01]} 55. Qxh5+ {[%clk 02:22:27]}
{[%emt 00:00:03]} Qg6+ {[%clk 02:25:11]} {[%emt 00:00:01]} 56. Qxg6+ {[%clk
02:22:56]} {[%emt 00:00:02]} Kxg6 {[%clk 02:25:39]} {[%emt 00:00:02]} 57. Kg2
{[%clk 02:23:24]} {[%emt 00:00:02]} Kg5 {[%clk 02:26:08]} 58. Kf3 {[%clk
02:23:52]} {[%emt 00:00:02]} a5 {[%clk 02:26:36]} {[%emt 00:00:02]} 59. Ke4
{[%emt 00:00:16]} 1/2-1/2

[Event "Senior Women Russian Championship 2022_HL"]
[Site "Saint-Petersburg, Russia"]
[Date "2022.09.29"]
[Round "6.10"]
[White "Kapelkina, Galina"]
[Black "Vasiukova, Ekaterina"]
[Result "0-1"]
[TimeControl "Standard: 90min/40moves+30min/end+30sec increment per move starting from move 1"]
[WhiteElo "1644"]
[BlackElo "1675"]

1. d4 {[%clk 01:30:58]} d5 {[%clk 01:30:59]} {[%emt 00:00:03]} 2. c4 {[%clk
01:31:27]} e6 {[%clk 01:31:28]} {[%emt 00:00:01]} 3. Nc3 {[%clk 01:31:56]} Nf6
{[%clk 01:31:57]} {[%emt 00:00:01]} 4. Nf3 {[%clk 01:32:24]} c6 {[%clk
01:32:26]} {[%emt 00:00:02]} 5. Bg5 {[%clk 01:32:52]} {[%emt 00:00:02]} Be7
{[%clk 01:32:54]} {[%emt 00:00:02]} 6. e3 {[%clk 01:33:21]} O-O {[%clk
01:33:22]} {[%emt 00:00:02]} 7. Rc1 {[%clk 01:33:50]} b6 {[%clk 01:33:51]}
{[%emt 00:00:02]} 8. cxd5 {[%clk 01:34:19]} cxd5 {[%clk 01:34:17]} {[%emt
00:00:03]} 9. Bd3 {[%clk 01:34:47]} {[%emt 00:00:02]} Ba6 {[%clk 01:34:44]}
{[%emt 00:00:04]} 10. O-O {[%clk 01:35:16]} Bxd3 {[%clk 01:35:10]} {[%emt
00:00:04]} 11. Qxd3 {[%clk 01:35:45]} {[%emt 00:00:02]} Nbd7 {[%clk 01:35:38]}
{[%emt 00:00:02]} 12. Rc2 {[%clk 01:36:14]} Ne8 {[%clk 01:36:04]} {[%emt
00:00:04]} 13. Bxe7 {[%clk 01:36:42]} {[%emt 00:00:01]} Qxe7 {[%clk 01:36:32]}
{[%emt 00:00:02]} 14. Rfc1 {[%clk 01:37:11]} {[%emt 00:00:02]} Nd6 {[%clk
01:37:01]} 15. b3 {[%clk 01:37:38]} Rfc8 {[%clk 01:37:30]} 16. Nb5 {[%clk
01:38:06]} {[%emt 00:00:05]} Rxc2 {[%clk 01:37:57]} {[%emt 00:00:03]} 17. Rxc2
{[%clk 01:38:35]} {[%emt 00:00:02]} Nxb5 {[%clk 01:38:23]} {[%emt 00:00:04]} 18.
Qxb5 {[%clk 01:39:04]} {[%emt 00:00:01]} Qd8 {[%clk 01:38:49]} {[%emt
00:00:04]} 19. Kf1 {[%clk 01:39:33]} {[%emt 00:00:01]} Rc8 {[%clk 01:39:17]}
{[%emt 00:00:03]} 20. Qd3 {[%clk 01:40:02]} Rc7 {[%clk 01:39:42]} {[%emt
00:00:05]} 21. Ke2 {[%clk 01:40:31]} {[%emt 00:00:02]} Qc8 {[%clk 01:40:10]} 22.
Kd2 {[%clk 01:41:00]} {[%emt 00:00:01]} Nf6 {[%clk 01:40:39]} {[%emt 00:00:02]}
23. Rxc7 {[%clk 01:41:29]} {[%emt 00:00:01]} Qxc7 {[%clk 01:41:07]} 24. Qc2
{[%clk 01:41:56]} {[%emt 00:00:01]} Ne4+ {[%clk 01:41:36]} {[%emt 00:00:03]} 25.
Kc1 {[%clk 01:42:24]} {[%emt 00:00:02]} Qxc2+ {[%clk 01:42:04]} {[%emt
00:00:02]} 26. Kxc2 {[%clk 01:42:52]} Nxf2 {[%clk 01:42:33]} {[%emt 00:00:02]}
27. h3 {[%clk 01:43:21]} Ne4 {[%clk 01:43:00]} {[%emt 00:00:02]} 28. Ne5 {[%clk
01:44:20]} {[%emt 00:00:02]} Nd6 {[%clk 01:43:56]} {[%emt 00:00:04]} 29. Nc6
{[%clk 01:44:43]} {[%emt 00:00:07]} a5 {[%clk 01:44:25]} 30. a3 {[%clk
01:45:13]} {[%emt 00:00:01]} Kf8 {[%clk 01:44:53]} {[%emt 00:00:01]} 31. a4
{[%clk 01:45:41]} {[%emt 00:00:02]} Ke8 {[%clk 01:45:21]} 32. b4 {[%clk
01:46:10]} {[%emt 00:00:02]} axb4 {[%clk 01:45:50]} {[%emt 00:00:02]} 33. Nxb4
{[%clk 01:46:39]} Kd7 {[%clk 01:46:19]} 34. Nd3 {[%clk 01:47:07]} {[%emt
00:00:02]} Nc4 {[%clk 01:46:46]} {[%emt 00:00:03]} 35. Ne5+ {[%clk 01:47:35]}
{[%emt 00:00:02]} Nxe5 {[%emt 00:00:03]} 36. dxe5 {[%clk 01:48:04]} Kc6 {[%clk
01:47:42]} {[%emt 00:00:01]} 37. Kc3 Kc5 {[%emt 00:00:02]} 38. g3 {[%clk
01:48:32]} {[%emt 00:00:01]} f6 {[%clk 02:19:11]} {[%emt 00:00:02]} 39. exf6
{[%clk 02:19:58]} {[%emt 00:00:02]} gxf6 {[%clk 02:19:39]} {[%emt 00:00:02]} 40.
g4 {[%clk 02:20:26]} {[%emt 00:00:02]} h6 {[%clk 02:20:08]} {[%emt 00:00:01]}
41. h4 {[%clk 02:20:54]} {[%emt 00:00:01]} e5 {[%clk 02:20:36]} {[%emt
00:00:02]} 42. h5 {[%clk 02:21:23]} {[%emt 00:00:01]} d4+ {[%clk 02:21:05]}
{[%emt 00:00:03]} 43. Kb3 {[%clk 02:21:51]} d3 {[%clk 02:21:31]} {[%emt
00:00:02]} 44. Kc3 {[%clk 02:22:20]} {[%emt 00:00:03]} e4 {[%clk 02:22:00]} 45.
Kb3 {[%emt 00:00:01]} 0-1